Rojo y negro : (Record no. 196603)

MARC details
000 -LEADER
campo de control de longitud fija 01961nas a2200481 i 4500
001 - NÚMERO DE CONTROL
campo de control 196603
003 - IDENTIFICADOR DE NÚMERO DE CONTROL
campo de control ES-MaACL
005 - FECHA Y HORA DE LA ÚLTIMA TRANSACCIÓN
campo de control 20260603103119.0
008 - DATOS DE LONGITUD FIJA--INFORMACIÓN GENERAL
campo de control de longitud fija 241008c19879999sp mr p r ||| 0 b|spa c
022 ## - NÚMERO INTERNACIONAL NORMALIZADO PARA PUBLICACIONES SERIADAS
Número Internacional Normalizado para Publicaciones Seriadas 1138-1019
023 0# - NÚMERO ESTÁNDAR DE PELÍCULAS (VM) [BORRADO]
Número estándar de películas 1138-1019
035 ## - NÚMERO DE CONTROL DEL SISTEMA
Número de control de sistema (ES-BaCBU).b12328133
035 ## - NÚMERO DE CONTROL DEL SISTEMA
Número de control de sistema (OCoLC)802904120
035 ## - NÚMERO DE CONTROL DEL SISTEMA
Número de control de sistema 991009806699706706
040 ## - FUENTE DE CATALOGACIÓN
Centro catalogador/agencia de origen ES-BaCBU
Lengua de catalogación cat
Centro/agencia transcriptor ES-BaCBU
Centro/agencia modificador ES-BaBC
Normas de descripción ES-MaACL
080 ## - NÚMERO DE LA CLASIFICACIÓN DECIMAL UNIVERSAL
Número de la Clasificación Decimal Universal 330.862
Subdivisión auxiliar común (05)
Identificador de la edición 2004
080 ## - NÚMERO DE LA CLASIFICACIÓN DECIMAL UNIVERSAL
Número de la Clasificación Decimal Universal 331.105.44
Subdivisión auxiliar común (05)
Identificador de la edición 2004
222 #0 - TÍTULO CLAVE
Título clave Rojo y negro
245 00 - MENCIÓN DEL TÍTULO
Título Rojo y negro :
Resto del título anarcosindicalismo en acción
246 3# - FORMA VARIANTE DEL TITULO
Título propio/Titulo breve Rojo i negro
260 ## - PUBLICACIÓN, DISTRIBUCIÓN, ETC.
Lugar de publicación, distribución, etc. Madrid :
Nombre del editor, distribuidor, etc. Confederación General del Trabajo,
Fecha de publicación, distribución, etc. [1987]-
300 ## - DESCRIPCIÓN FÍSICA
Extensión v. ;
Dimensiones 65 cm
310 ## - PERIODICIDAD ACTUAL
Periodicidad actual Mensual
336 ## - TIPO DE CONTENIDO
Fuente rdacontent
Término de tipo de contenido texto
337 ## - TIPO DE MEDIO
Fuente rdamedia
Nombre/término del tipo de medio sin mediación
338 ## - TIPO DE SOPORTE
Fuente rdacarrier
Nombre/término del tipo de soporte volumen
362 1# - FECHAS DE PUBLICACIÓN Y/O DESIGNACIÓN SECUENCIAL
Fecha de publicación y/o designación secuencial Comença: no. 1 (dic. 1987) ; comença 3a època: (1988) ; comença 4a època: no. 27 (1991) i acaba: no. 196 (2006); comença 5a època: no. 197 (2006)
515 ## - NOTA DE PECULIARIDADES DE LA NUMERACIÓN
Nota de peculiaridades de la numeración La numeració segueix diferents èpoques
580 ## - NOTA DE RELACIÓN COMPLEJA
Nota de relación compleja Publica suplementos
588 ## - NOTA DE FUENTE DE LA DESCRIPCIÓN
Nota de fuente de la descripción Descripción basada en: n. 280 (junio 2014)
594 ## - Nota al título y mención de responsabilidad
Nota al título y mención de responsabilidad Cambio en el subtítulo: 3a época: órgano de expresión anarcosindicalista ; 4a època: publicación mensual anarcosindicalista
650 #4 - PUNTO DE ACCESO ADICIONAL DE MATERIA--TÉRMINO DE MATERIA
Término de materia o nombre geográfico como elemento de entrada Sindicatos
Fuente del encabezamiento o término thub
9 (RLIN) 17116
650 #4 - PUNTO DE ACCESO ADICIONAL DE MATERIA--TÉRMINO DE MATERIA
Término de materia o nombre geográfico como elemento de entrada Anarcosindicalismo
Fuente del encabezamiento o término thub
9 (RLIN) 9778
655 #7 - TERMINO DE INDIZACIÓN--GENERO/FORMA
Datos o término principal de género/forma Revistas
Fuente del término tgfbne
9 (RLIN) 226866
710 2# - ENTRADA AGREGADA--NOMBRE DE ENTIDAD CORPORATIVA
Nombre de entidad corporativa o nombre de jurisdicción como elemento de entrada Confederación General del Trabajo (España)
9 (RLIN) 3161
710 2# - ENTRADA AGREGADA--NOMBRE DE ENTIDAD CORPORATIVA
Nombre de entidad corporativa o nombre de jurisdicción como elemento de entrada Confederación Nacional del Trabajo (España)
9 (RLIN) 3165
852 ## - LOCALIZACIÓN
Ubicación ES-MaACL
Ubicación en estantería Hemeroteca
Número de control de estantería HEM-1799 (Cº 45)
Donativo/Legado Donación: Editorial
Nota libre Revista viva
-- Casillero actual: Cº 45
itemnumber 204319
856 4# - LOCALIZACIÓN Y ACCESO ELECTRÓNICOS
Identificador Uniforme de Recursos <a href="https://cgt.es/info/publicaciones/rojo-y-negro/">https://cgt.es/info/publicaciones/rojo-y-negro/</a>
Texto de enlace (Acceso electrónico)
866 ## - MENCIÓN TEXTUAL DE FONDOS--UNIDAD BIBLIOGRÁFICA BÁSICA
Fondos (2023) 2024-2025-2026-
942 ## - ELEMENTOS DE ENTRADA SECUNDARIOS (KOHA)
Fuente del sistema de clasificación o colocación Clasificación decimal universal
Suprimir en OPAC No
Tipo de ítem Koha Revista
955 ## - CATALOGADOR - EDICIÓN
Nombre de catalogador Verónica Torres Díaz
Holdings
Estatus retirado Estado de pérdida Fuente del sistema de clasificación o colocación Especificación de materiales (volumen encuadernado u otra parte) Estado de daño No para préstamo Colección Biblioteca de origen Biblioteca actual Ubicación en estantería Fecha de adquisición Fuente de adquisición Total de préstamos Signatura topográfica completa Código de barras Visto por última vez Precio de reemplazo Tipo de ítem Koha
    Clasificación decimal universal Último número recibido: N. 411 (2026)     Periódicos y Revistas Biblioteca del Ateneo de Madrid Biblioteca del Ateneo de Madrid Hemeroteca 08/10/2024 Donación   HEM-1799 (Cº 45) 101229142 08/10/2024 08/10/2024 Revista